[Event "7th UI&UL GM"]
[Site "Dhaka BAN"]
[Date "2005.04.08"]
[Round "4"]
[White "Ramu,K"]
[Black "Uten"]
[Result "1-0"]
[WhiteElo "2291"]
[BlackElo "2177"]

1.e4 g6 2.d4 Bg7 3.Nc3 d6 4.Be3 Nf6 5.f3 O-O 6.Qd2 Re8 7.O-O-O c6 8.g4 Qa5
9.Kb1 b5 10.Nd5 Qxd2 11.Nxf6+ Bxf6 12.Rxd2 a6 13.h4 Nd7 14.g5 Bh8 15.h5 Nf8
16.hxg6 fxg6 17.Bh3 Bxh3 18.Nxh3 Rad8 19.Nf2 Kf7 20.Ng4 Ke6 21.f4 d5 22.f5+ gxf5
23.exf5+ Kxf5 24.Rf2+ Ke6 25.Rh6+ Kd7 26.Rf7 Kc7 27.Bf4+ Kb6 28.Be5 Bxe5
29.Nxe5 Rd6 30.Rxd6 exd6 31.Rxf8  1-0

[Event "7th UI&UL GM"]
[Site "Dhaka BAN"]
[Date "2005.04.08"]
[Round "4"]
[White "Rahman,SM"]
[Black "Roktim,B"]
[Result "1-0"]
[WhiteElo "2247"]
[BlackElo "2389"]

1.e4 g6 2.d4 Bg7 3.Nc3 d6 4.Nf3 c6 5.a4 Nf6 6.Be2 O-O 7.O-O Nbd7 8.h3 e5
9.Re1 exd4 10.Nxd4 Re8 11.Bf3 a5 12.g3 Nc5 13.Bg2 Nfd7 14.Be3 Na6 15.f4 Ndc5
16.Qd2 Qb6 17.Nde2 Be6 18.Kh2 Rad8 19.Bd4 f6 20.f5 Bf7 21.h4 Qc7 22.Nf4 Nd7
23.Qf2 Nac5 24.Nd3 b6 25.Bh3 Ne5 26.Nxe5 fxe5 27.Be3 d5 28.exd5 cxd5 29.Bg5 Ra8
30.f6 Bf8 31.Nb5 Qc6 32.Bg2 h6 33.Be3 Nd7 34.Rf1 e4 35.Nd4 Qb7 36.h5 Ne5
37.Bh3 g5 38.Qe2 Kh8 39.Rf5 Bc5 40.Bg2 Qa6 41.Qxa6 Rxa6 42.Kh1 Nc4 43.Bg1 Nxb2
44.Nc6 Nc4 45.Rd1 Bxg1 46.Rxg1 Nd6 47.Re5 Raa8 48.g4 Rac8 49.Rxe8+ Nxe8 50.Ne5 Kg8
51.c4 dxc4 52.Rf1 Nd6 53.Ng6 Re8  1-0

[Event "7th UI&UL GM"]
[Site "Dhaka BAN"]
[Date "2005.04.09"]
[Round "6"]
[White "Ramu,K"]
[Black "Murshed,N"]
[Result "1/2-1/2"]
[WhiteElo "2291"]
[BlackElo "2487"]

1.e4 g6 2.d4 Bg7 3.Nc3 d6 4.Be3 c6 5.Qd2 b5 6.f3 Nd7 7.Nh3 Bb7 8.Nf2 a6 9.g4 Qc7
10.h4 h5 11.g5 e6 12.a4 b4 13.Na2 c5 14.dxc5 dxc5 15.O-O-O Ne7 16.Qd6 Qxd6
17.Rxd6 Nc6 18.f4 Bd4 19.Rh3 Ke7 20.Bxd4 Nxd4 21.e5 Nf5 22.Rd2 Nb6 23.b3 Rhd8
24.Bd3 a5 25.Bxf5 exf5 26.c4 Nd7 27.Rhd3 Nf8 28.Rxd8 Rxd8 29.Rxd8 Kxd8 30.Nd3 Ne6
31.Kd2 Kc7 32.Ke3 Ba8 33.Nac1 Nd4 34.Ne1 Be4 35.Kd2 Kb6 36.Ke3 Bb1 37.Kd2 Be4
38.Ncd3 Bb7 39.Ke3 Bc6 40.Kd2 Be4  1/2-1/2

[Event "ch-RSA"]
[Site "Johannesburg RSA"]
[Date "2005.04.10"]
[Round "4"]
[White "Van der Nat,N"]
[Black "De Villiers,C"]
[Result "1-0"]
[WhiteElo "2218"]
[BlackElo "2314"]

1.e4 g6 2.d4 Bg7 3.Nc3 d6 4.Be3 c6 5.Qd2 b5 6.Bd3 Nd7 7.Nf3 Qc7 8.O-O Ngf6
9.Ne2 Ng4 10.Bg5 h6 11.Bh4 Bb7 12.a4 a6 13.Rfe1 Ngf6 14.e5 dxe5 15.dxe5 Nxe5
16.Nxe5 Qxe5 17.Nf4 Qd6 18.Bg3 Qd7 19.Qb4 O-O 20.Rxe7 Qc8 21.Nxg6 c5 22.Qh4 fxg6
23.Bxg6 Nd5 24.Be5 Nf6 25.Qg3  1-0

[Event "ch-RUS u18"]
[Site "Nojabrsk RUS"]
[Date "2005.04.10"]
[Round "5"]
[White "Garakov,M"]
[Black "Chadaev,N"]
[Result "1/2-1/2"]
[WhiteElo "2359"]
[BlackElo "2434"]

1.e4 g6 2.d4 Bg7 3.Nc3 d6 4.f4 Nf6 5.Nf3 c5 6.dxc5 Qa5 7.Bd3 Qxc5 8.Qe2 Bg4
9.Be3 Qa5 10.O-O Nc6 11.h3 Bxf3 12.Qxf3 O-O 13.Rad1 Rac8 14.Kh1 Nd7 15.Bd2 Qd8
16.a3 Nc5 17.b4 Nd4 18.Qe3 Nxd3 19.Qxd3 Qd7 20.f5 Nc6 21.Nd5 Ne5 22.Qb3 e6
23.f6 exd5 24.fxg7 Kxg7 25.Bf4 f6 26.Rxd5 Qc6 27.Rfd1  1/2-1/2

[Event "7th UI&UL GM"]
[Site "Dhaka BAN"]
[Date "2005.04.11"]
[Round "8"]
[White "Rahman,SM"]
[Black "Abdul,Mal"]
[Result "0-1"]
[WhiteElo "2247"]
[BlackElo "2191"]

1.e4 d6 2.d4 g6 3.Nc3 Bg7 4.Be3 Nf6 5.h3 c6 6.f4 O-O 7.Nf3 Qa5 8.Bd2 b5 9.Bd3 b4
10.Ne2 Bb7 11.Ng3 c5 12.O-O c4 13.Bxc4 Nxe4 14.Nxe4 Bxe4 15.Ng5 Bd5 16.Bd3 Nc6
17.f5 f6 18.Nxh7 Kxh7 19.fxg6+ Kg8 20.Qe1 Rfd8 21.Qh4 Be6 22.Rf3 Rab8 23.Raf1 Rb5
24.Qh7+ Kf8 25.Bh6 Bxh6 26.Rxf6+ Ke8 27.Bxb5 Be3+ 28.Kh1 Qxb5 29.Rf8+ Kd7
30.g7 Qd5 31.Qd3 Bxd4 32.Qa6 Bb6 33.Qb7+ Bc7 34.Rxd8+ Nxd8 35.Qxd5 Bxd5 36.Rf8 e5
37.h4 e4 38.Kg1 Bb6+ 39.Kf1 Bc4+ 40.Ke1 Nc6 41.g8=Q Bxg8 42.Rxg8 Bd4 43.h5 Bxb2
44.h6 Nd4 45.h7 e3 46.Rg7+ Ke6 47.h8=Q Bc3+ 48.Kf1 e2+ 49.Kg1 e1=Q+ 50.Kh2 Nf3+
51.gxf3 Qe5+  0-1

[Event "7th UI&UL GM"]
[Site "Dhaka BAN"]
[Date "2005.04.11"]
[Round "8"]
[White "Hasan,Me"]
[Black "Murshed,N"]
[Result "1/2-1/2"]
[WhiteElo "2322"]
[BlackElo "2487"]

1.e4 g6 2.d4 Bg7 3.Nc3 d6 4.Be3 c6 5.Qd2 b5 6.f3 Nd7 7.h4 h5 8.d5 cxd5 9.Qxd5 Rb8
10.Bxb5 Bxc3+ 11.bxc3 Nf6 12.Qg5 O-O 13.Ba4 Qc7 14.Ne2 Ba6 15.Bb3 e6 16.Bd4 Kg7
17.Bxe6 fxe6 18.Nf4 Kf7 19.Qxg6+ Ke7 20.Qg7+ Rf7 21.Ng6+ Ke8 22.Qh8+ Nf8
23.Bxf6 Kd7 24.Ne5+ dxe5 25.Bxe5 Qc5 26.O-O-O+ Kc6 27.Bxb8 Qa3+ 28.Kd2 Qc5
29.Be5 Rd7+ 30.Bd4 e5 31.Qh6+ Rd6 32.Qxh5 Rxd4+ 33.cxd4 Qxd4+ 34.Kc1 Qa1+
35.Kd2 Qd4+  1/2-1/2

[Event "ch-RUS u18"]
[Site "Nojabrsk RUS"]
[Date "2005.04.11"]
[Round "6"]
[White "Gizatullin,D"]
[Black "Matveev,M2 RUS"]
[Result "0-1"]
[WhiteElo "2102"]
[BlackElo "2238"]

1.e4 g6 2.d4 Bg7 3.Nc3 d6 4.f4 Nf6 5.Nf3 c5 6.d5 O-O 7.Be2 b5 8.e5 dxe5 9.fxe5 Ng4
10.Bxb5 Nxe5 11.Nxe5 Bxe5 12.Bh6 a6 13.Bxf8 axb5 14.Bh6 b4 15.Qe2 Nd7 16.Nd1 Ba6
17.Qe3 Qb8 18.c3 bxc3 19.bxc3 Qd6 20.Nf2 Nf6 21.Ne4 Nxe4 22.Qxe4 Bxc3+ 23.Kf2 Qf6+  0-1

[Event "7th UI&UL GM"]
[Site "Dhaka BAN"]
[Date "2005.04.12"]
[Round "9"]
[White "Reefat,S"]
[Black "Rahman,Zia"]
[Result "1-0"]
[WhiteElo "2473"]
[BlackElo "2538"]

1.e4 g6 2.d4 Bg7 3.Nc3 d6 4.Be3 Nd7 5.Qd2 a6 6.f3 b5 7.h4 h6 8.a4 b4 9.Nd1 a5
10.Nf2 Ngf6 11.Bb5 Bb7 12.Ne2 c6 13.Bd3 e5 14.c3 bxc3 15.bxc3 h5 16.Bg5 Qc7
17.O-O O-O 18.f4 Nh7 19.f5 Nxg5 20.hxg5 Rfe8 21.Qa2 gxf5 22.exf5 d5 23.f6 Bf8
24.Bf5 Ba6 25.Nd3 Bd6 26.Qc2 c5 27.Qd1 Nf8 28.Nef4 exf4 29.Qxh5 Ng6 30.Bxg6 fxg6
31.Qxg6+ Kf8 32.Qh6+ Kf7 33.Nxf4 Bxf4 34.Rxf4 Qxf4 35.g6+ Kxf6 36.Qxf4+ Kxg6
37.Qd6+ Kh7 38.dxc5 Bd3 39.Qh2+ Kg7 40.Qg3+ Bg6 41.Rb1  1-0

[Event "7th UI&UL GM"]
[Site "Dhaka BAN"]
[Date "2005.04.12"]
[Round "9"]
[White "Uddin,S"]
[Black "Vinoth,K"]
[Result "0-1"]
[WhiteElo "2205"]
[BlackElo "2238"]

1.e4 d6 2.d4 g6 3.Nc3 Bg7 4.f4 c6 5.Nf3 b5 6.Bd3 a6 7.Be3 Nd7 8.O-O Nh6 9.h3 f6
10.Qd2 Nf7 11.a4 b4 12.Ne2 a5 13.c3 bxc3 14.bxc3 O-O 15.f5 g5 16.Bc4 d5 17.Bd3 h6
18.c4 Nb6 19.exd5 cxd5 20.c5 Nc4 21.Bxc4 dxc4 22.Qc2 Qd5 23.Nd2 e6 24.Nxc4 Bb7
25.Rf2 Rae8 26.Ng3 e5 27.Nb6 Qd8 28.d5 e4 29.c6 Ba6 30.c7 Qe7 31.Rc1 Qe5
32.Ne2 Nd6 33.Nd4 Nc8 34.Ne6 Bd3 35.Qc6  0-1

[Event "7th UI&UL GM"]
[Site "Dhaka BAN"]
[Date "2005.04.13"]
[Round "10"]
[White "Prathamesh,S"]
[Black "Murshed,N"]
[Result "1-0"]
[WhiteElo "2368"]
[BlackElo "2487"]

1.e4 g6 2.d4 Bg7 3.Nc3 d6 4.Nf3 c6 5.a4 Nf6 6.Bd3 O-O 7.O-O Nbd7 8.Re1 e5
9.Bc4 exd4 10.Nxd4 d5 11.exd5 Nb6 12.Bb3 Nbxd5 13.Nxd5 Nxd5 14.c3 Nb4 15.Bf4 Bxd4
16.cxd4 Bf5 17.Bh6 Nd3 18.Re2 Re8 19.Rxe8+ Qxe8 20.g4 Nxb2 21.Qd2 Qe4 22.h3 Bxg4
23.Re1 Qd3 24.Qf4  1-0

[Event "ch-RUS u18"]
[Site "Nojabrsk RUS"]
[Date "2005.04.14"]
[Round "9"]
[White "Lovkov,R"]
[Black "Romanov,E"]
[Result "1-0"]
[WhiteElo "2351"]
[BlackElo "2437"]

1.e4 g6 2.d4 Bg7 3.Nc3 d6 4.f4 Nf6 5.Bd3 O-O 6.Nf3 c5 7.dxc5 dxc5 8.e5 Nfd7
9.O-O Qc7 10.Qe2 Nb6 11.Nd2 Nc6 12.Nde4 Bf5 13.Kh1 c4 14.Bxc4  1-0

[Event "CES"]
[Site "Northeim GER"]
[Date "2005.04.14"]
[Round "2"]
[White "Meijers,V"]
[Black "Petiko,N"]
[Result "1-0"]
[WhiteElo "2486"]
[BlackElo "2206"]

1.e4 d6 2.d4 g6 3.Nc3 Bg7 4.Be3 c6 5.Be2 b5 6.a3 Qc7 7.Qd2 Nd7 8.h4 h5 9.Nh3 Nb6
10.b3 Bxh3 11.Rxh3 Nf6 12.f3 a6 13.a4 O-O 14.Bh6 e5 15.Bxg7 Kxg7 16.g4 Rfe8
17.g5 Nfd7 18.f4 Nf8 19.f5 Nbd7 20.O-O-O Qa5 21.dxe5 dxe5 22.Qd6 Rac8 23.Bxh5 b4
24.Nb1 Qc5 25.Bg4 Qf2 26.Qd2 Qxd2+ 27.Nxd2 Rc7 28.h5 gxf5 29.exf5 Nc5 30.Re1 Nfd7
31.h6+ Kh8 32.g6 Nf6 33.Be2 Nd5 34.Bc4 e4 35.Rh4 Re5 36.Nxe4 Nc3 37.g7+  1-0

[Event "CES"]
[Site "Northeim GER"]
[Date "2005.04.15"]
[Round "4"]
[White "Dubinsky,L"]
[Black "Petiko,N"]
[Result "1/2-1/2"]
[WhiteElo "2192"]
[BlackElo "2206"]

1.e4 d6 2.d4 g6 3.Nc3 Bg7 4.Nf3 c6 5.a4 Nf6 6.Be2 O-O 7.O-O Nbd7 8.Re1 e5
9.Bf1 Re8 10.d5 cxd5 11.exd5 b6 12.Nb5 Nf8 13.c4 a6 14.Nc3 h6 15.a5 bxa5
16.Qa4 Rb8 17.Qxa5 Qxa5 18.Rxa5 N8d7 19.Nd2 Nc5 20.Na2 Nb3 21.Nxb3 Rxb3 22.Re3 Rxe3
23.Bxe3 Bb7 24.Nb4 Ra8 25.f3 Nd7 26.b3 f5 27.Nc6 Kf7 28.b4 Bf8 29.Ra2 Ke8
30.Bd3 Kf7 31.Bc2 Nf6 32.Bb6 Be7 33.Ba4 Nd7 34.Be3 f4 35.Bf2 Nf6 36.g3 fxg3
37.hxg3 Bd8 38.Be3 g5 39.Bc2 Ne8 40.Nxd8+ Rxd8 41.Bf5 Ng7 42.Bd3 Kf6 43.Bb6 Rc8
44.Rc2 Nf5 45.Kf2 h5 46.Be4 h4 47.g4 Ne7 48.Ke3  1/2-1/2

[Event "13th Sigeman & Co"]
[Site "Copenhagen/Malmoe DEN"]
[Date "2005.04.21"]
[Round "6"]
[White "Hermansson,E"]
[Black "Palo,D"]
[Result "1/2-1/2"]
[WhiteElo "2432"]
[BlackElo "2525"]

1.e4 g6 2.d4 Bg7 3.Nc3 d6 4.Be3 a6 5.Qd2 b5 6.a4 b4 7.Nd1 a5 8.f3 Nf6 9.Bd3 O-O
10.c3 bxc3 11.bxc3 c5 12.Ne2 cxd4 13.cxd4 Nc6 14.Bb5 Nb4 15.Nf2 d5 16.O-O Ba6
17.Nc3 Nd7 18.Bh6 Bxb5 19.Nxb5 Qb6 20.Kh1 Rac8 21.Bxg7 Kxg7 22.Ng4 Nf6 23.Qh6+ Kg8
24.Nf2 dxe4 25.fxe4 Rc2 26.Qh4 h5 27.Qf4 Qe6 28.d5 Qd7 29.Rad1 Rc4 30.d6 Nh7
31.dxe7 Qxe7 32.Nd6 Rc5 33.Nh3 Qe5 34.Qf2 Rc7 35.Nb5 Re7 36.Qb6 Qxe4 37.Qxa5 Nc2
38.Nc3 Qc4 39.Nd5 Rd7 40.Ng5 Rxd5 41.Qxd5 Qxd5 42.Rxd5 Ne3 43.Nxh7 Kxh7 44.Rdd1 Kg7
45.Kg1 Ra8 46.Ra1 Nxf1 47.Kxf1 Ra5 48.Ke2 Kf6 49.Kd3 Ke6 50.Kc4 Kd6 51.Kb4 Rf5
52.a5 Kc7 53.a6 Kb8 54.a7+ Ka8 55.Ra2 Rd5 56.Kc4 Rd1 57.Kc5 h4 58.h3 Rd3
59.Kc4 Rg3 60.Kd5 g5 61.Ke4 g4 62.hxg4 Rxg4+ 63.Kf3 Rg3+ 64.Kf2 Rb3 65.Ra4  1/2-1/2

[Event "Caissa IM April"]
[Site "Kecskemet HUN"]
[Date "2005.04.21"]
[Round "8"]
[White "Mehmeti,D"]
[Black "Zakharchenko,A"]
[Result "1-0"]
[WhiteElo "2360"]
[BlackElo "2279"]

1.d4 g6 2.e4 Bg7 3.Nc3 d6 4.Be3 a6 5.Qd2 b5 6.f3 Bb7 7.O-O-O e6 8.Kb1 Nd7
9.g4 Qe7 10.Nge2 Nb6 11.Ng3 Nf6 12.a3 O-O-O 13.h4 c5 14.h5 Nfd7 15.b3 d5
16.Ka2 e5 17.dxc5 d4 18.cxb6 dxe3 19.Qxe3 Bf6 20.Nd5 Bxd5 21.Rxd5 Kb7 22.hxg6 hxg6
23.Rxh8 Rxh8 24.g5 Bg7 25.Rd2 Nxb6 26.Rg2 Rd8 27.Bd3 Nd7 28.Ne2 Nb6 29.Nc3 Rc8
30.Qxb6+  1-0

[Event "ch-UKR u20"]
[Site "Lviv UKR"]
[Date "2005.04.21"]
[Round "3"]
[White "Oleksienko,M"]
[Black "Jakymov,V"]
[Result "1/2-1/2"]
[WhiteElo "2492"]
[BlackElo "2339"]

1.e4 d6 2.d4 g6 3.Nc3 Bg7 4.f4 Nd7 5.Nf3 c5 6.d5 a6 7.a4 Ngf6 8.Bd3 O-O 9.O-O Rb8
10.a5 b5 11.axb6 Nxb6 12.Qe2 a5 13.Kh1 Nfd7 14.e5 dxe5 15.fxe5 c4 16.Be4 Nxe5
17.Nxe5 Bxe5 18.Bh6 Nd7 19.Qxc4 Rb4 20.Qe2 Re8 21.h3 Qc7 22.d6 Bxd6 23.Nd5 Qc4
24.Qf2 Ne5 25.Rae1 Rxb2 26.Nxe7+ Bxe7 27.Bd5 Qxd5 28.Rxe5 Qc4 29.Rxe7 Rxe7
30.Qf6 Qxf1+ 31.Qxf1 f5 32.Qa1 Rb6 33.Qxa5 Rbe6 34.Qd8+ Re8 35.Qd4 R8e7 36.Kh2 Bd7
37.Bg5 Rf7 38.Bc1 Re4 39.Qc3 Re6 40.Bb2 Ref6 41.Kg1 h5 42.Qd4 f4 43.Kf2 Kh7
44.c4 Bc6 45.Qd8 Rf8 46.Qc7+ R8f7 47.Qc8 Rf8 48.Qc7+ R8f7 49.Qe5 Bd7 50.c5 Rf8
51.Qc7 R6f7 52.Qd6 f3 53.g4 Re8 54.Be5  1/2-1/2

[Event "Open"]
[Site "Metz FRA"]
[Date "2005.04.21"]
[Round "6"]
[White "Klinova,M"]
[Black "Schweitzer,Ma"]
[Result "1-0"]
[WhiteElo "2391"]
[BlackElo "1940"]

1.e4 g6 2.d4 Bg7 3.Nc3 d6 4.Be3 e5 5.dxe5 dxe5 6.Qxd8+ Kxd8 7.O-O-O+ Bd7
8.Bc4 f6 9.f4 c6 10.Nf3 Kc7 11.fxe5 fxe5 12.Bc5 Nh6 13.Bd6+ Kc8 14.Nxe5 Bxe5
15.Bxe5 Re8 16.Bg3 b5 17.Be2 Bg4 18.Bf3 Bxf3 19.gxf3 Nf7 20.Rhe1 Nd7 21.f4 Nf8
22.h4 Kb7 23.h5 Rad8 24.Rxd8 Nxd8 25.hxg6 hxg6 26.a3 Kc8 27.Nd1 Kd7 28.Nf2 Re6
29.Nd3 Nb7 30.Bf2 a6 31.Bc5 Ke8 32.Bxf8 Kxf8 33.e5 c5 34.Nf2 c4 35.Ne4 Rc6
36.Rh1 Kg7 37.Kd2 Nc5 38.Nc3 Rc8 39.Ke3 Rd8 40.Rd1 Rxd1 41.Nxd1 Kf7 42.Nc3 Ke6
43.Kd4 Nd7 44.Nd5 Kf5 45.Ne7+ Kxf4 46.Nxg6+ Kf5 47.Ne7+ Ke6 48.Nc6 Nb6 49.Nb4 a5
50.Nc6 b4 51.axb4 axb4 52.Nxb4 Na4 53.b3 cxb3 54.cxb3 Nb6 55.Nd3 Nc8 56.Nc5+ Ke7
57.Kd5 Na7 58.b4 Nb5 59.Nd3 Na7 60.Nf4 Nb5 61.Kc5 Nc3 62.Nd5+  1-0

[Event "2nd Open"]
[Site "Porto Carras GRE"]
[Date "2005.04.22"]
[Round "1"]
[White "Konstantinidis,M"]
[Black "Chatalbashev,B"]
[Result "1/2-1/2"]
[WhiteElo "2045"]
[BlackElo "2499"]

1.e4 g6 2.d4 Bg7 3.Nc3 d6 4.Be3 a6 5.h3 b5 6.Bd3 Nd7 7.a4 b4 8.Nce2 c5 9.c3 bxc3
10.bxc3 Ngf6 11.Nf3 Bb7 12.Nd2 Rc8 13.a5 O-O 14.O-O Rc7 15.Qa4 cxd4 16.cxd4 e5
17.d5 Nc5 18.Qa3 Nfd7 19.Rfc1 f5 20.f3 Qh4 21.Nc4 fxe4 22.fxe4 Bh6 23.Bxh6 Qxh6
24.Nxd6 Qe3+ 25.Kh2 Rf2 26.Ng3 Nxd3 27.Rxc7 Qd2 28.Rg1 Nf4 29.Ne2 Nxe2 30.Rxd7 Qf4+
31.Kh1 Ng3+ 32.Qxg3 Qxg3 33.Rxb7 Qa3 34.Nc4 Qd3 35.Nd6 Qa3 36.Nc4 Qa4 37.Rc7 Rc2
38.Rb1 Rf2 39.Rb8+ Rf8 40.Rbb7 Rf1+ 41.Kh2 Qa1 42.Rc8+ Rf8 43.Rcc7 Rf1 44.Rc8+ Rf8
45.Rcc7  1/2-1/2

[Event "ch-SCG w"]
[Site "Pancevo SCG"]
[Date "2005.04.23"]
[Round "6"]
[White "Drljevic,L"]
[Black "Petrovic,Mari"]
[Result "0-1"]
[WhiteElo "2164"]
[BlackElo "2221"]

1.e4 g6 2.d4 Bg7 3.Nc3 d6 4.Be3 a6 5.a4 Nf6 6.h3 b6 7.Qd2 Bb7 8.Bd3 Nbd7
9.f4 e5 10.Nf3 exd4 11.Bxd4 O-O 12.O-O c5 13.Bf2 Qc7 14.e5 dxe5 15.fxe5 Nxe5
16.Nxe5 Qxe5 17.Rae1 Qd6 18.Be3 Qc6 19.Bg5 Nh5 20.Ne4 c4 21.g4 cxd3 22.gxh5 f5
23.Ng3 Qxc2 24.Re7 Qxd2 25.Bxd2 Rf7 26.Rfe1 Bc6 27.hxg6 hxg6 28.R7e6 Bxa4
29.Rxg6 Kh7 30.Ree6 Re8 31.b4 Rxe6 32.Rxe6 Bd4+ 33.Kg2 Bd1 34.Rh6+ Kg7 35.Rd6 Be5
36.Rxd3 Kf6 37.h4 Ke6 38.Bg5 Bc2 39.Ra3 f4 40.Nf1 Be4+ 41.Kh3 Rc7 42.Kg4 Rc1
43.Nd2 Rg1+ 44.Kh5 Bb7 45.Bd8 Rd1 46.Rd3 Be4 47.Nxe4 Rxd3 48.Bxb6 Kf5 49.Ng5 Bf6
50.Nh7 Bd8 51.Bc5 Rh3 52.Bf2 Rh2  0-1

[Event "2nd Open"]
[Site "Porto Carras GRE"]
[Date "2005.04.23"]
[Round "2"]
[White "Schmitz,A"]
[Black "Zysk,R"]
[Result "0-1"]
[WhiteElo "2151"]
[BlackElo "2462"]

1.e4 g6 2.d4 Bg7 3.Nc3 d6 4.Be3 a6 5.a4 b6 6.Bc4 e6 7.Qd2 h6 8.Nge2 Ne7 9.O-O Bb7
10.d5 e5 11.f4 Nd7 12.fxe5 Nxe5 13.Bd3 Qd7 14.Nd4 Ng4 15.h3 Nxe3 16.Qxe3 O-O
17.g4 Rae8 18.Qf2 c5 19.dxc6 Nxc6 20.Nde2 Ne5 21.Qxb6 Nxd3 22.cxd3 d5 23.Rac1 dxe4
24.dxe4 Bxe4 25.Rf4 Re6 26.Qa5 Bd3 27.Rd1 Qa7+ 28.Kf1 Qe3 29.Rxd3 Qxd3 30.Kg2 Rxe2+  0-1

[Event "ch-UKR u20"]
[Site "Lviv UKR"]
[Date "2005.04.25"]
[Round "7"]
[White "Zinchenko,Ya"]
[Black "Jakymov,V"]
[Result "1-0"]
[WhiteElo "2460"]
[BlackElo "2339"]

1.e4 d6 2.d4 g6 3.Nc3 Bg7 4.Be3 Nf6 5.Qd2 Ng4 6.Bg5 f6 7.Bh4 e5 8.Bc4 Bh6
9.Qd1 exd4 10.Qxd4 Nc6 11.Qd1 Nge5 12.Bd5 Qe7 13.Bb3 Be6 14.Bxe6 Qxe6 15.Nd5 O-O
16.Nxc7 Qc4 17.Qd5+ Qxd5 18.Nxd5 Nd4 19.Rd1 Nxc2+ 20.Ke2 Kg7 21.Nc7 Rae8
22.Nxe8+ Rxe8 23.Rxd6 g5 24.Bg3 Nc6 25.f3 f5 26.a3 N2d4+ 27.Kd3 fxe4+ 28.fxe4 Nb3
29.Nf3 Nc5+ 30.Kc2 Rxe4 31.Re1 g4 32.Rxe4 Nxe4 33.Rd7+ Kf6 34.Nd4  1-0

[Event "ch-UKR w u20"]
[Site "Kharkiv UKR"]
[Date "2005.04.28"]
[Round "11"]
[White "Muzychuk,M"]
[Black "Berdiugina,E"]
[Result "1-0"]
[WhiteElo "2059"]
[BlackElo "2123"]

1.e4 g6 2.d4 Bg7 3.Nc3 d6 4.Be3 Nd7 5.Qd2 a6 6.Be2 b6 7.f4 Bb7 8.Nf3 h6 9.O-O-O e6
10.h3 Qe7 11.g4 O-O-O 12.Bd3 Nb8 13.Qe2 Qd7 14.e5 Ne7 15.exd6 Qxd6 16.Ne4 Qc6
17.Ne5 Qe8 18.Rhf1 f6 19.Nf3 Nec6 20.c3 Ne7 21.Ng3 f5 22.Bd2 Rd6 23.Rde1 Qa4
24.Kb1 Bd5 25.b3 Qa3 26.Bc1 Qa5 27.Bb2 b5 28.Nd2 Bc6 29.b4 Qb6 30.c4 Qb7
31.c5 Rd7 32.Qxe6 Bd5 33.Qe3 fxg4 34.hxg4 Nbc6 35.f5 Bxd4 36.Bxd4 Nxd4 37.fxg6 Ne6
38.Nh5 Nxg6 39.Bxg6 Rhd8 40.Rf2 Kb8 41.Bf5 Re7 42.Nf4 Rde8 43.Nxd5 Qxd5 44.Qb3 Nf4
45.Rxe7  1-0

[Event "SME Open"]
[Site "Ostrava CZE"]
[Date "2005.04.30"]
[Round "1"]
[White "Simek,Ji"]
[Black "Nedela,J"]
[Result "1/2-1/2"]
[WhiteElo "2209"]
[BlackElo "2044"]

1.e4 g6 2.d4 Bg7 3.Nc3 d6 4.f4 Nf6 5.Nf3 O-O 6.Bd3 c5 7.dxc5 dxc5 8.O-O Nc6
9.Be3 Qa5 10.e5 Ng4 11.Bd2 c4 12.Be2 Qc5+  1/2-1/2

[Event "23rd Liechtenstein Open"]
[Site "Triesen LIE"]
[Date "2005.05.01"]
[Round "3"]
[White "Meier,Ger"]
[Black "Schwarz,U"]
[Result "1/2-1/2"]
[WhiteElo "2078"]
[BlackElo "2127"]

1.e4 g6 2.d4 Bg7 3.Nc3 d6 4.g3 Nf6 5.Bg2 O-O 6.Nge2 e5 7.dxe5 dxe5 8.Qxd8 Rxd8
9.O-O c6 10.h3 Na6 11.Be3 Be6 12.a3 h6 13.Rfd1 Re8 14.Rd2 Bf8 15.Rad1  1/2-1/2

[Event "Open A"]
[Site "Djakovo CRO"]
[Date "2005.05.03"]
[Round "4"]
[White "Sedlak,N"]
[Black "Nevednichy,V"]
[Result "0-1"]
[WhiteElo "2514"]
[BlackElo "2566"]

1.e4 g6 2.d4 Bg7 3.Nc3 d6 4.Be3 a6 5.Qd2 b5 6.f3 Nd7 7.h4 h6 8.O-O-O Nb6
9.a3 Nf6 10.g4 h5 11.gxh5 Nxh5 12.Bd3 c6 13.Qf2 d5 14.exd5 cxd5 15.Bg5 Bf5
16.Bxf5 gxf5 17.Re1 f6 18.Bd2 Nc4 19.Nge2 Qd6 20.Qh2 Qxh2 21.Rxh2 Rd8 22.Nf4 Nxd2
23.Ng6 Rd7 24.Kxd2 Rg8 25.Rg2 Kf7 26.Reg1 Bh6+ 27.Ke1 Rdd8 28.Kf2 Rg7 29.f4 e6
30.Re1 Rdg8  0-1

[Event "SWE-NOR w"]
[Site "Karlstad SWE"]
[Date "2005.05.04"]
[Round "1"]
[White "Agrest,S"]
[Black "Hagesaether,E"]
[Result "1/2-1/2"]
[WhiteElo "2270"]
[BlackElo "2182"]

1.e4 g6 2.d4 Bg7 3.Nc3 d6 4.Be3 a6 5.Qd2 b5 6.Bd3 Bb7 7.f3 Nd7 8.Nce2 c5
9.c3 Qc7 10.Nh3 Ngf6 11.O-O O-O 12.Bh6 e5 13.Kh1 d5 14.exd5 exd4 15.cxd4 c4
16.Be4 Bxd5 17.Ng3 Nb6 18.Bxg7 Kxg7 19.Nf5+ Kh8 20.Qh6 Rg8 21.Ng5 Ra7 22.Rae1 Qd8
23.Ne3 Rg7 24.Ng4 Nxg4 25.fxg4 Re7 26.Qh4 Qe8 27.Bxd5 Nxd5 28.Rxe7 Qxe7 29.Re1 Qd7
30.Ne4 Nc7 31.Qf6 Ne6 32.Rd1 Qd5 33.Nc3 Qd8 34.Qe5 h6 35.d5 Nc5 36.Ne4 Nd3
37.Qd4 f5 38.Nc5 Qb6 39.b4 Nxb4 40.d6 Nc6 41.Qd5 fxg4 42.d7 Nd8 43.Re1 Kh7
44.Rf1 c3 45.Ne4 c2 46.Qd2 Rf7 47.Rc1 Qe6 48.Qxc2 Qxd7 49.Qc3 Qf5 50.Ng3 Qf6
51.Qd3 Ne6 52.Rf1 Nf4 53.Qe4 Qg7 54.Kg1 Qf6 55.Kh1 Qg7 56.Kg1 Qf6 57.Kh1  1/2-1/2

[Event "ch-FRA Top 16 Poule Basse"]
[Site "Port Barcares FRA"]
[Date "2005.05.04"]
[Round "8"]
[White "Gentilleau,JP"]
[Black "Petitpas,F"]
[Result "1/2-1/2"]
[WhiteElo "2242"]
[BlackElo "2140"]

1.e4 g6 2.d4 Bg7 3.Nc3 d6 4.Be3 c6 5.Qd2 b5 6.a4 b4 7.Nce2 a5 8.Ng3 Qc7 9.Nf3 h5
10.h4 Nf6 11.Bd3 Nbd7 12.Ne2 e5 13.c3 Rb8 14.Ng5 Ng4 15.Bc4 O-O 16.Qc2 bxc3
17.bxc3 Nxe3 18.fxe3 Nb6 19.Ba2 c5 20.O-O c4 21.Ng3 Bd7 22.Qe2 f6 23.Nf3 Rfc8
24.Nd2 Bxa4 25.Rab1 Be8 26.Rxb6 Rxb6 27.Nxc4 Kh7 28.Nxb6 Qxb6 29.Rc1 Bh6
30.Be6 Rb8 31.Rf1 Bg7 32.Ba2 Qb2 33.Rb1 Qxe2 34.Nxe2 Rxb1+ 35.Bxb1 Bh6 36.Kf2 Bb5
37.Ba2 Kg7 38.c4 Bc6 39.Nc3 Kf8 40.Nd5 Bxd5  1/2-1/2

[Event "23rd Liechtenstein Open"]
[Site "Triesen LIE"]
[Date "2005.05.06"]
[Round "8"]
[White "Guller,A"]
[Black "Srienz,C"]
[Result "0-1"]
[WhiteElo "2080"]
[BlackElo "2285"]

1.e4 g6 2.d4 Bg7 3.Nc3 d6 4.g3 Nd7 5.Bg2 Rb8 6.a4 c5 7.Nge2 Ngf6 8.O-O O-O
9.h3 b6 10.Be3 Re8 11.f4 cxd4 12.Nxd4 Bb7 13.Qe2 Nc5 14.Bf2 e5 15.fxe5 Rxe5
16.Nf3 Re7 17.Bxc5 bxc5 18.Nd2 Nh5 19.Qd3 Bd4+ 20.Kh1 d5 21.g4 Nf6 22.Rae1 Qe8
23.Nb3 Bxc3 24.Qxc3 Nxe4 25.Rxe4 Rxe4 26.Nxc5 Rc4 27.Qa5 Bc6 28.Qxa7 Rxb2
29.Nd3 Rb7 30.Qf2 d4 31.Re1 Bxg2+ 32.Qxg2 Qc6  0-1

[Event "SME Open"]
[Site "Ostrava CZE"]
[Date "2005.05.07"]
[Round "8"]
[White "Ling,B"]
[Black "Nedela,J"]
[Result "1/2-1/2"]
[WhiteElo "2090"]
[BlackElo "2044"]

1.e4 g6 2.d4 Bg7 3.Nc3 d6 4.Be3 c6 5.Qd2 Qa5 6.O-O-O Nd7 7.Kb1 a6 8.Bd3 b5
9.f4 Nb6 10.Nce2 Qxd2 11.Bxd2 Bg4 12.h3 Bxe2 13.Nxe2 Nf6 14.g4 h6 15.Ng3 Nfd7
16.c3 Nc4 17.Bc1 Nf6 18.e5 Nd5 19.e6 fxe6 20.Bxg6+ Kd7 21.Rde1 b4 22.Kc2 bxc3
23.bxc3 Rhb8 24.Kd3 Nb2+ 25.Kc2 Na4 26.Ne4  1/2-1/2

[Event "10th Open"]
[Site "Stuttgart GER"]
[Date "2005.05.07"]
[Round "5"]
[White "Eisenbeiser,A"]
[Black "Reich,T"]
[Result "1/2-1/2"]
[WhiteElo "2304"]
[BlackElo "2398"]

1.e4 d6 2.d4 g6 3.Nc3 Bg7 4.Be3 a6 5.f4 Nd7 6.e5 c5 7.Nf3 cxd4 8.Bxd4 Nh6
9.exd6 Nf6 10.dxe7 Qxe7+ 11.Qe2 Be6 12.O-O-O O-O 13.Ng5 Nf5 14.Nxe6 fxe6
15.Be5 h5 16.g3 Rac8 17.Bh3 Rc6 18.Rd6 Rfc8 19.Rhd1 b5 20.Bg2 Rc4 21.R1d2 Bh6
22.Ne4 Ng4 23.Rd7 Rxc2+ 24.Rxc2 Qxd7 25.Nf6+ Nxf6 26.Bxf6 h4 27.Be4 hxg3
28.hxg3 Nxg3 29.Qg4 Nxe4 30.Qxg6+ Bg7 31.Qxg7+ Qxg7 32.Rxc8+ Qf8 33.Rxf8+ Kxf8
34.Be5 Kf7 35.Kc2 Kg6 36.Kd3 Kf5 37.Ke3 Ng5 38.Bc7 Nh7 39.Be5 Nf8 40.Kf3 Nd7
41.Bd4 Nb8 42.Ke3 Nc6 43.Bc5  1/2-1/2

[Event "ch-FRA National 1"]
[Site "Lille FRA"]
[Date "2005.05.08"]
[Round "11"]
[White "Pucher,S"]
[Black "Pel,B"]
[Result "1-0"]
[WhiteElo "2181"]
[BlackElo "2293"]

1.e4 g6 2.d4 d6 3.Nc3 Bg7 4.g3 Nc6 5.Be3 Nf6 6.h3 e5 7.dxe5 Nxe5 8.f4 Ned7
9.Bg2 O-O 10.Nge2 Re8 11.O-O Nb6 12.Bf2 Bd7 13.Qd3 Qe7 14.Rae1 Rad8 15.g4 Be6
16.Nd5 Nfxd5 17.exd5 Bd7 18.b3 Qf8 19.a4 c5 20.c4 f5 21.Bf3 Na8 22.Bh4 Rb8
23.Ng3 fxg4 24.Rxe8 Rxe8 25.Bxg4 Bd4+ 26.Kg2 Bxg4 27.hxg4 Re3 28.Qc2 Qe8
29.Rf2 Nc7 30.Re2 Qf7 31.Rxe3 Bxe3 32.f5 Ne8 33.Qe4 Bd4 34.Ne2 Nf6 35.Bxf6 Bxf6
36.fxg6 hxg6 37.Nf4 Bg5 38.Ne6 Bf6 39.Nf4 Kg7 40.Qe6 Be7 41.Kf3 Qf6 42.Qxf6+ Kxf6
43.Ke4 Kg5 44.Kf3 Bf6 45.Ne6+ Kh4 46.Nf8 g5 47.Ne6 Kh3 48.Nf8 Be7 49.Ne6 Bf6
50.Nf8 Bd8 51.Ne6 Be7 52.Ng7 Bf6 53.Ne6 a6 54.Nf8 Be7 55.Ne6 Bf6 56.Nf8 Bc3
57.Ne6 Bd2 58.Nd8 b6 59.Ne6 Kh2 60.Ke4 Kg3 61.Kf5 Kh4 62.Nc7 Kg3 63.Ne6 Kh4
64.Nc7 Kg3 65.Ne6 Kf3 66.Nxg5+ Ke2 67.Ne4 Bh6 68.Nxd6 Kd3 69.Nc8 Bf8 70.d6  1-0

[Event "ch-FRA National 1"]
[Site "Lille FRA"]
[Date "2005.05.08"]
[Round "11"]
[White "Jossien,R"]
[Black "Chomet,P"]
[Result "1-0"]
[WhiteElo "2181"]
[BlackElo "2330"]

1.d4 d6 2.e4 g6 3.Nc3 Bg7 4.Be3 c6 5.Qd2 b5 6.Bd3 Nd7 7.f4 Ngf6 8.h3 Nb6
9.Nf3 O-O 10.f5 b4 11.Ne2 d5 12.exd5 Nbxd5 13.fxg6 hxg6 14.Bh6 Qd6 15.O-O Nh5
16.Ne5 Be6 17.Rf3 c5 18.Nc4 Qc7 19.Raf1 Nb6 20.Ne5 Bd5 21.R3f2 c4 22.Bxg6 fxg6
23.Rxf8+ Rxf8 24.Rxf8+ Kxf8 25.Qg5 Bxh6 26.Qxh6+ Kg8 27.Nxg6 Nf6 28.Qh8+ Kf7
29.Nef4 Qc8 30.Ne5+  1-0